| 000 | 00729nam a22002417a 4500 | ||
|---|---|---|---|
| 005 | 20140826151108.0 | ||
| 010 | _aENG-110603 | ||
| 020 |
_a9788120349995 _c795.00 |
||
| 035 | _aEN-94135 | ||
| 037 | _bDBAD/PUB | ||
| 082 | _a005.133 | ||
| 100 | _aDeitel, Paul | ||
| 245 |
_aC++ : _cby Paul Deitel [and] Harvey Deitel _bhow to program / |
||
| 250 | _a9th ed | ||
| 260 |
_aDelhi _bPHI Learning _c2014 |
||
| 270 |
_aRimjhim House, 111, Patparganj Industrial Estate _bDelhi _e110092 |
||
| 300 |
_axxxiv,1028p. : _c25cm(pbk) _bill. |
||
| 490 | _aHow to program series | ||
| 500 | _aIncludes index | ||
| 650 | _a C++ (Computer program language) | ||
| 700 | _aDeitel, Harvey | ||
| 942 |
_2ddc _cEN _mDEI _h005.133 |
||
| 999 |
_c87597 _d87597 |
||